000 00616nam a22002057a 4500
003 0
005 20240820104845.0
008 240820b xxu||||| |||| 00| 0 eng d
020 _a978-1-119-86742-5
050 _aRC531
_b.Sm65 2022
100 _aSmith, Laura
245 _aAnxiety & depression workbook for dummies
_cLaura L. Smith
250 _aSecond edition
260 _aNew Jersey
_bJohn Wiley & Sons, Inc.
_c2022
300 _aix, 274 pages ;
_c25cm.
504 _aIncludes bibliographical references and index.
650 _aDepression, mental.
650 _aAnxiety disorders.
942 _2lcc
_cBK
999 _c366130
_d366130